Príprava odborníkov pre financovanie a bankovníctvo
Zameranie Fakulty financií na Univerzite Mateja Bela v Banskej Bystrici. Študijný program. Spolupráca s NBS a ďalšími komerčnými bankami. Medzinárodná spolupráca. Vedeckovýskumná činnosť fakulty.
Gespeichert in:
| 1. Verfasser: | |
|---|---|
| Format: | Buchkapitel |
| Sprache: | Slowakisch Englisch |
| Schlagworte: | |
| Tags: |
Keine Tags, Fügen Sie das erste Tag hinzu!
|
MARC
| LEADER | 00000naa a2200000 4500 | ||
|---|---|---|---|
| 001 | r026186 | ||
| 005 | 20221129123303.9 | ||
| 041 | 0 | |a slo | |
| 041 | 0 | |a eng | |
| 044 | |a SK | ||
| 245 | 1 | 0 | |a Príprava odborníkov pre financovanie a bankovníctvo |c I. Kolenka |
| 520 | |a Zameranie Fakulty financií na Univerzite Mateja Bela v Banskej Bystrici. Študijný program. Spolupráca s NBS a ďalšími komerčnými bankami. Medzinárodná spolupráca. Vedeckovýskumná činnosť fakulty. | ||
| 610 | 2 | 0 | |a štúdium vysokoškolské |
| 610 | 2 | 0 | |a školy vysoké |
| 610 | 2 | 0 | |a univerzity |
| 610 | 2 | 0 | |a UMB Banská Bystrica |
| 610 | 2 | 0 | |a odbory učebné |
| 610 | 2 | 0 | |a financie |
| 610 | 2 | 0 | |a bankovníctvo |
| 610 | 2 | 0 | |a investovanie |
| 610 | 2 | 0 | |a spolupráca medzinárodná |
| 610 | 2 | 0 | |a výskum vedecký |
| 100 | 1 | |a Kolenka, I. | |